02581nam a2200265 a 4500001001300000003000900013005001700022008004100039020002900080040003200109041001300141082003300154100003700187245008600224246008600310260003600396300002000432490004800452500008000500504003100580520147700611546009802088655008002186830004902266000000392803IT-MiSPE20251022175531.0110513s2011 it 000 u ita d a9788839904539c26,00 € aIT-MiSPEbitadipcIT-MiSPE aitahfre a210.92-CAP ph fi (ppv 23421)1 aCapelle-Dumont, Philippe,d1954-10aFilosofia e teologia nel pensiero di Martin Heidegger /cPhilippe Capelle-Dumont.13aPhilosophie et théologie dans le penseé de Martin Heidegger.gItaliano.f2011 aBrescia :bQueriniana,c©2011. a272 p. ;c21 cm1 aBiblioteca di teologia contemporanea ;v153 aTIt. orig.: Philosophie et théologie dans le penseé de Martin Heidegger aBibliografia: p. [219]-238 aLa relazione tra filosofia e teologia rappresenta una problematica costante del cammino di pensiero di Martin Heidegger. Non è solamente l'oggetto di una conferenza del 1927 e nemmeno una semplice tematica per una rilettura della sua opera. In seguito alla pubblicazione di diversi testi maggiori del grande filosofo, rimasti a lungo sconosciuti, e alla luce del rinnovamento delle ricerche sulle sue origini sociali e intellettuali, la questione richiedeva un nuovo esame. Philippe Capelle-Dumont evidenzia le tre topiche fondamentali di questa relazione - filosofia e teologia biblica, filosofia e ontoteologia, pensiero dell'essere e attesa del dio - e le differenti tappe della loro tematizzazione. L'autore analizza il rapporto di Heidegger con la tradizione teologica utilizzando un triplice punto di vista: il radicamento nella cultura cattolica; il debito nei confronti degli schemi fondamentali della teologia cattolica e (soprattutto) protestante e dei loro principali fondatori: san Paolo, sant'Agostino, la Scolastica medievale, Lutero, Bultmann; la provenienza che autorizza paradossalmente l'uscita mai compiuta dalla teologia cristiana. Rifiutando ogni interpretazione teologica del pensiero heideggeriano, l'autore interroga infine il tema del "ritirarsi" come motivo ermeneutico centrale e come asse portante di una rinnovata concezione dei rapporti tra la filosofia e la teologia. Un contributo eccezionale alla storia della filosofia e della teologia. aTraduzione dal francese di Lorenzo Gianfelici ; edizione italiana a cura di Giovanni Ferretti 7aFilosofi di lingua tedesca posteriori al 1920xHeidegger Martin, 1889-1976. 0aBiblioteca di teologia contemporanea ;v153.